Muscles - Statistics

General Stats
  • This quiz has been taken 26 times
  • The average score is 8 of 38
Answer Stats
Answer % Correct
Pectoralis Major
59%
Gluteus maximus
50%
Trapezius
50%
Biceps Brachii
45%
Latissimus dorsi
45%
Gastrocnemius
36%
Deltoids
32%
External oblique
32%
Rectus abdominus
32%
Triceps brachii
32%
Rectus Femoris
27%
Soleus
27%
Teres Minor
27%
Teres major
23%
Vastus medialis
23%
sartorius
18%
Serratus anterior
18%
Vastus lateralis
18%
Adductor magnus
14%
Erector spinae
14%
Infraspinatus
14%
Semimembranosus
14%
semitendinosus
14%
Vastus intermedialis
14%
Achilles
9%
Adductor Longus
9%
Gluteus medius
9%
Tibialis anterior
9%
Adductor group
5%
Arm extensors
5%
biceps femorus
5%
Brachiordialis
5%
Extensor digitorium longus
5%
Gracilis
5%
Iliacus
5%
Patellar tendon
5%
Tibialis posterior
5%
Wrist extensors
5%
No matching quizzes found
Score Distribution
Percent of People with Each Score
Percentile by Number Answered
Your Score History
You have not taken this quiz